[Event "Int. Stuttgarter Stadtmeisterschaft A"]
[Site "Ditzingen"]
[Date "2019.05.31"]
[Round "4.16"]
[White "Aring, Gerd"]
[Black "Boss, Igor"]
[Result "1-0"]
[WhiteElo "2180"]
[BlackElo "2121"]
[PlyCount "191"]
[EventDate "2019.??.??"]
[WhiteTeam "SV NÃ¼rtingen 1920"]

1. d4 Nf6 2. c4 e6 3. g3 d5 4. Nf3 dxc4 5. Bg2 Bb4+ 6. Nbd2 O-O 7. O-O c3 8.
bxc3 Bxc3 9. Rb1 Nc6 10. Ba3 Re8 11. Nb3 a5 12. Qc2 Bb4 13. Bb2 a4 14. Nc5 a3
15. Ba1 Qe7 16. Nd3 Ba5 17. Nf4 Rd8 18. Rfd1 h6 19. e4 Nb4 20. Qb3 Nxe4 21. Ne5
Nf6 22. Qxa3 Nbd5 23. Qxe7 Nxe7 24. Bxb7 Bxb7 25. Rxb7 Bb6 26. Nc4 Ned5 27.
Nxd5 Nxd5 28. a3 Ra4 29. Rc1 Kf8 30. Bb2 Rda8 31. Kf1 R4a7 32. Rxa7 Rxa7 33.
Ne5 Ra5 34. Nc6 Rb5 35. Nb4 Ke8 36. Nxd5 Rxd5 37. Ke2 Kd7 38. Rc4 Kc8 39. a4
Kb7 40. Bc3 Kc8 41. f4 Kd7 42. h4 g5 43. fxg5 hxg5 44. h5 g4 45. h6 Rh5 46. Bd2
Rh2+ 47. Kd3 Rh3 48. Bf4 f6 49. Ke4 Rh5 50. Rb4 Ke7 51. Rb5 Rxb5 52. axb5 Kf7
53. d5 e5 54. Be3 Ba5 55. Kf5 Bb4 56. b6 cxb6 57. Bxb6 Bf8 58. Be3 Bb4 59. h7
Kg7 60. h8=Q+ Kxh8 61. Ke6 Kg7 62. d6 Ba5 63. d7 Kg6 64. Bc5 e4 65. Be3 Bd8 66.
Bc5 f5 67. Be3 Ba5 68. Ke7 Bb4+ 69. Ke8 Ba5 70. d8=Q Bxd8 71. Kxd8 Kf6 72. Bf4
Ke6 73. Ke8 Kd5 74. Kf7 Kd4 75. Kf6 e3 76. Kxf5 e2 77. Bd2 Kd3 78. Ba5 Ke3 79.
Kxg4 Kf2 80. Kh4 Kf3 81. g4 Kf4 82. Kh5 Ke5 83. Kg6 Ke6 84. g5 Ke7 85. Kh7 Kd6
86. g6 Kc5 87. g7 Kb5 88. Be1 Kc4 89. g8=Q+ Kd3 90. Kg6 Ke4 91. Qe6+ Kf4 92.
Qf5+ Ke3 93. Qe5+ Kf3 94. Qc3+ Kf4 95. Qd3 Ke5 96. Bg3+ 1-0

[Event "Int. Stuttgarter Stadtmeisterschaft A"]
[Site "Ditzingen"]
[Date "2019.05.31"]
[Round "4.17"]
[White "Forster, Lukas"]
[Black "FÃ¶rster, Bernhard"]
[Result "1-0"]
[WhiteElo "1745"]
[BlackElo "2151"]
[PlyCount "79"]
[EventDate "2019.??.??"]
[WhiteTeam "Stuttgarter SF 1879"]
[BlackTeam "SK Bietigheim-Bissingen"]

1. e4 g6 2. d4 Bg7 3. Nc3 d6 4. Be3 a6 5. Qd2 Nd7 6. O-O-O b5 7. h4 h5 8. f3
Bb7 9. Nh3 Nb6 10. Bd3 Nf6 11. Ng5 e6 12. Rhg1 Qe7 13. Qf2 Nbd7 14. Kb1 O-O-O
15. a4 b4 16. Na2 a5 17. c3 bxc3 18. Nxc3 Nh7 19. Nb5 c6 20. Rc1 Kb8 21. Na3
Nxg5 22. Bxg5 f6 23. Bd2 e5 24. Bxa5 Rc8 25. Nc4 d5 26. Nb6 Nxb6 27. Bxb6 Qb4
28. a5 f5 29. exf5 exd4 30. Qg3+ Ka8 31. Qe1 Qb3 32. Qd1 Qb4 33. Bc5 Qxa5 34.
fxg6 Rhe8 35. b4 Qa3 36. Rc2 Qb3+ 37. Ka1 Kb8 38. Bd6+ Rc7 39. Bxc7+ Kxc7 40.
Rxc6+ 1-0

[Event "Int. Stuttgarter Stadtmeisterschaft A"]
[Site "Ditzingen"]
[Date "2019.05.31"]
[Round "4.18"]
[White "Khamenya, Vitalia"]
[Black "Scherer, Holger"]
[Result "1-0"]
[WhiteElo "1877"]
[BlackElo "2169"]
[PlyCount "71"]
[EventDate "2019.??.??"]
[WhiteTeam "SK GrÃ¤felfing"]
[BlackTeam "SK Lauffen"]

1. d4 Nf6 2. Nf3 g6 3. c4 Bg7 4. Nc3 O-O 5. e4 d6 6. Be2 e5 7. O-O Nc6 8. d5
Ne7 9. Ne1 Nd7 10. Be3 f5 11. f3 f4 12. Bf2 g5 13. a4 Rf7 14. a5 Bf8 15. b4 Ng6
16. Nd3 Nf6 17. c5 h5 18. cxd6 cxd6 19. Nb5 a6 20. Bb6 Qe7 21. Nc7 Rb8 22. Ba7
Qxc7 23. Rc1 Qd8 24. Bxb8 g4 25. Qc2 Bd7 26. Bc7 Qe7 27. Bb6 g3 28. hxg3 fxg3
29. Qc7 Nf4 30. Rfe1 Rg7 31. Qd8 Qf7 32. Nxf4 exf4 33. Bd4 Ne8 34. Bxg7 Bxg7
35. Qg5 Kf8 36. Kf1 1-0

[Event "Int. Stuttgarter Stadtmeisterschaft A"]
[Site "Ditzingen"]
[Date "2019.05.31"]
[Round "4.19"]
[White "Mareck, Sascha"]
[Black "Gheng, Simona"]
[Result "1/2-1/2"]
[WhiteElo "2137"]
[BlackElo "1991"]
[PlyCount "62"]
[EventDate "2019.??.??"]
[WhiteTeam "SV NÃ¼rtingen"]
[BlackTeam "SF Deizisau"]

1. d4 d5 2. Nf3 Nf6 3. c4 e6 4. g3 Nbd7 5. Bg2 Bb4+ 6. Bd2 Bxd2+ 7. Nbxd2 O-O
8. O-O c5 9. cxd5 exd5 10. dxc5 Nxc5 11. Rc1 Nce4 12. Nb3 Bd7 13. Ne5 Ba4 14.
Qd4 Bxb3 15. axb3 Re8 16. Rfd1 Qd6 17. Nd3 b6 18. b4 Rad8 19. e3 h6 20. Rc2 Ng5
21. Qf4 Qxf4 22. Nxf4 Nge4 23. Rc7 g5 24. Ne2 Nxf2 25. Rf1 N2g4 26. h3 Nxe3 27.
Rxf6 Nxg2 28. Nd4 Ne3 29. Rfxf7 a5 30. bxa5 bxa5 31. g4 Rc8 1/2-1/2

[Event "Int. Stuttgarter Stadtmeisterschaft A"]
[Site "Ditzingen"]
[Date "2019.05.31"]
[Round "4.20"]
[White "Schwab, Matthias"]
[Black "Reindl, Arno"]
[Result "1-0"]
[WhiteElo "2114"]
[BlackElo "1977"]
[PlyCount "53"]
[EventDate "2019.??.??"]
[WhiteTeam "SC WeiÃŸe Dame Ulm e.V."]
[BlackTeam "SG SchwÃ¤bisch GmÃ¼nd"]

1. d4 Nf6 2. c4 g6 3. Nc3 d5 4. cxd5 Nxd5 5. e4 Nxc3 6. bxc3 Bg7 7. Be3 c5 8.
Rc1 cxd4 9. cxd4 O-O 10. Nf3 Qa5+ 11. Qd2 Qxd2+ 12. Bxd2 Bg4 13. Rc7 Bxf3 14.
gxf3 Bxd4 15. Rxe7 Nc6 16. Rxb7 Rab8 17. Rb3 Rfd8 18. Be2 Rxb3 19. axb3 Bxf2+
20. Kxf2 Rxd2 21. Ke3 Rb2 22. Bc4 Kf8 23. h4 Na5 24. Kd4 Ke7 25. Ra1 Nxc4 26.
Rxa7+ Kf6 27. bxc4 1-0

[Event "Int. Stuttgarter Stadtmeisterschaft A"]
[Site "Ditzingen"]
[Date "2019.05.31"]
[Round "4.21"]
[White "SchÃ¤dler, JÃ¼rgen"]
[Black "Steinhart, Christoph"]
[Result "1/2-1/2"]
[WhiteElo "2098"]
[BlackElo "1972"]
[PlyCount "31"]
[EventDate "2019.??.??"]
[WhiteTeam "SVG Konstanz"]
[BlackTeam "TSV SchÃ¶naich"]

1. Nf3 c5 2. c4 Nc6 3. d4 cxd4 4. Nxd4 d5 5. e3 e5 6. Nxc6 bxc6 7. cxd5 Qxd5 8.
Qa4 a5 9. Nc3 Bb4 10. Bd2 Qe6 11. a3 Be7 12. Bc4 Qg6 13. O-O Bd7 14. Rfc1 Nf6
15. b4 O-O 16. bxa5 1/2-1/2

[Event "Int. Stuttgarter Stadtmeisterschaft A"]
[Site "Ditzingen"]
[Date "2019.05.31"]
[Round "4.22"]
[White "Sieker, Roland"]
[Black "Schmitz, Nico"]
[Result "0-1"]
[WhiteElo "2055"]
[BlackElo "1969"]
[PlyCount "56"]
[EventDate "2019.??.??"]
[WhiteTeam "MÃ¶nchfelder SV 1967"]
[BlackTeam "SF Konz-Karthaus"]

1. e4 d5 2. exd5 Nf6 3. d4 Qxd5 4. Nc3 Qa5 5. Bc4 Bg4 6. f3 Bf5 7. Bd2 c6 8.
Nge2 Qc7 9. Bf4 Qd8 10. Ng3 Bg6 11. Nge4 e6 12. a3 Nd5 13. Bg5 Be7 14. Bxe7
Qxe7 15. Qd2 Nd7 16. O-O-O b5 17. Bb3 a5 18. Rhe1 O-O 19. Ng3 Nxc3 20. Qxc3 b4
21. axb4 axb4 22. Qe3 Qd6 23. Kd2 c5 24. Ke2 Qa6+ 25. Kf2 c4 26. Ra1 Qc6 27. d5
exd5 28. Rxa8 Qxa8 0-1

[Event "Int. Stuttgarter Stadtmeisterschaft A"]
[Site "Ditzingen"]
[Date "2019.05.31"]
[Round "4.23"]
[White "Petzold, Tristan"]
[Black "Denk, JÃ¼rgen"]
[Result "1-0"]
[WhiteElo "1947"]
[BlackElo "2028"]
[PlyCount "59"]
[EventDate "2019.??.??"]
[WhiteTeam "MÃ¶nchfelder SV 1967"]
[BlackTeam "SC Leinzell"]

1. d4 d5 2. c4 dxc4 3. Nc3 a6 4. e3 b5 5. a4 b4 6. Qf3 Ra7 7. Bxc4 e6 8. Nce2
Bb7 9. Qg3 Nf6 10. Nf3 Bd6 11. Qxg7 Rg8 12. Qh6 Rxg2 13. Qh3 Rg8 14. Bd2 Nbd7
15. Rg1 Rxg1+ 16. Nexg1 Ke7 17. Ne5 a5 18. f4 Qg8 19. Ngf3 Ne4 20. O-O-O Nxd2
21. Rxd2 Bxe5 22. dxe5 Qg6 23. Bd3 Qg7 24. Rg2 Qf8 25. Bxh7 Nc5 26. Rg8 Nb3+
27. Kc2 Qxg8 28. Bxg8 Nc5 29. Ng5 Bd5 30. Qh7 1-0

[Event "Int. Stuttgarter Stadtmeisterschaft A"]
[Site "Ditzingen"]
[Date "2019.05.31"]
[Round "4.24"]
[White "Mikeler, Marcel"]
[Black "Schulte, Torsten"]
[Result "0-1"]
[WhiteElo "1889"]
[BlackElo "2023"]
[PlyCount "70"]
[EventDate "2019.??.??"]
[WhiteTeam "Heilbronner SV"]
[BlackTeam "SC BÃ¶blingen 1975 e.V."]

1. d4 Nf6 2. Nf3 g6 3. c4 Bg7 4. Nc3 d5 5. cxd5 Nxd5 6. Qb3 Nb6 7. e3 O-O 8.
Be2 Nc6 9. O-O e5 10. Rd1 exd4 11. Nb5 Qe7 12. Nbxd4 Nxd4 13. Nxd4 c5 14. Nf3
Be6 15. Qb5 Qc7 16. Bd2 Bd7 17. Qa5 Bxb2 18. Rab1 Bg7 19. Rdc1 Rfc8 20. e4 h6
21. Be3 c4 22. Bxb6 axb6 23. Qxb6 Qxb6 24. Rxb6 Rxa2 25. Kf1 c3 26. e5 c2 27.
Ke1 Bf8 28. Bd3 Ba3 29. Rxc2 Raxc2 30. Bxc2 Rxc2 31. Rxb7 Bc6 32. Rb8+ Kg7 33.
Nd4 Rc1+ 34. Kd2 Bxg2 35. Rb3 Rc4 0-1

[Event "Int. Stuttgarter Stadtmeisterschaft A"]
[Site "Ditzingen"]
[Date "2019.05.31"]
[Round "4.25"]
[White "Fischer, Daniel"]
[Black "Natzmer, Franz Helmut Medina"]
[Result "1/2-1/2"]
[WhiteElo "2018"]
[BlackElo "1877"]
[PlyCount "90"]
[EventDate "2019.??.??"]
[WhiteTeam "SVG Offenburg"]
[BlackTeam "Proleter Westfalen"]

1. Nf3 Nf6 2. c4 e6 3. g3 d5 4. Bg2 Nbd7 5. O-O Bd6 6. d4 O-O 7. b3 b6 8. Nc3
Bb4 9. Bb2 Bb7 10. Qc2 Rc8 11. Nd2 c5 12. e3 cxd4 13. exd4 Qc7 14. a3 Be7 15.
Rfd1 Rfe8 16. Rac1 a6 17. Qd3 dxc4 18. bxc4 Bxg2 19. Kxg2 Qb7+ 20. Qf3 Qxf3+
21. Kxf3 e5 22. Nd5 Nxd5 23. cxd5 exd4 24. Rxc8 Rxc8 25. Nb3 Bxa3 26. Bxd4 Bd6
27. Be3 f5 28. Nd4 g6 29. Nc6 Kf7 30. Ra1 a5 31. Rb1 a4 32. Bxb6 Nxb6 33. Rxb6
Ra8 34. Nd4 Be5 35. Rb7+ Ke8 36. Nc6 Bf6 37. d6 a3 38. d7+ Kf8 39. Rc7 Ra4 40.
Rc8+ Kf7 41. Ne5+ Kg7 42. Rc7 Bd8 43. Rc1 Kf6 44. Nc6 Ra8 45. Ra1 Ke6 1/2-1/2

[Event "Int. Stuttgarter Stadtmeisterschaft A"]
[Site "Ditzingen"]
[Date "2019.05.31"]
[Round "4.26"]
[White "Kreyer, Steve"]
[Black "MÃ¼ller, Thomas"]
[Result "0-1"]
[WhiteElo "1792"]
[BlackElo "2001"]
[PlyCount "49"]
[EventDate "2019.??.??"]
[WhiteTeam "SC Feuerbach"]
[BlackTeam "SV SchÃ¶mberg"]

1. d4 Nf6 2. c4 g6 3. Nc3 Bg7 4. e4 d6 5. Nf3 O-O 6. Be2 e5 7. dxe5 dxe5 8.
Qxd8 Rxd8 9. Nd5 Nxd5 10. cxd5 c6 11. Bc4 cxd5 12. Bxd5 Nc6 13. Bg5 Re8 14. a3
Bg4 15. O-O Rac8 16. Rac1 h6 17. Be3 Nd4 18. Nxd4 exd4 19. Bf4 g5 20. Bd2 Be2
21. Rfe1 d3 22. Bxb7 Rb8 23. Bd5 Rxb2 24. Bb4 d2 25. Rcd1 0-1

[Event "Int. Stuttgarter Stadtmeisterschaft A"]
[Site "Ditzingen"]
[Date "2019.05.31"]
[Round "4.27"]
[White "Gabriel, Robert"]
[Black "Kemper, Yannick"]
[Result "1-0"]
[WhiteElo "2242"]
[BlackElo "1856"]
[PlyCount "47"]
[EventDate "2019.??.??"]
[WhiteTeam "Stuttgarter SF"]
[BlackTeam "SK 1912 Ludwigshafen"]

1. d4 Nf6 2. Nf3 g6 3. c4 Bg7 4. Nc3 O-O 5. e4 d6 6. Be2 Nc6 7. h3 e5 8. Be3 a6
9. O-O Rb8 10. Re1 Bd7 11. dxe5 Nxe5 12. Nxe5 dxe5 13. Qc2 Qe7 14. Red1 Rfd8
15. a3 b6 16. b4 Bc6 17. Nd5 Nxd5 18. cxd5 Bb7 19. Rac1 Rbc8 20. Bg4 Rb8 21.
Qxc7 Qxc7 22. Rxc7 h5 23. Bd7 Bf8 24. Bg5 1-0

[Event "Int. Stuttgarter Stadtmeisterschaft A"]
[Site "Ditzingen"]
[Date "2019.05.31"]
[Round "4.28"]
[White "BrÃ¤uner, Uwe"]
[Black "ReichenbÃ¤cher, Thomas"]
[Result "1/2-1/2"]
[WhiteElo "2163"]
[BlackElo "1949"]
[PlyCount "99"]
[EventDate "2019.??.??"]
[WhiteTeam "SF Pfullingen"]
[BlackTeam "SVG Konstanz"]

1. d4 Nf6 2. Nf3 e6 3. c4 b6 4. g3 Bb7 5. Bg2 g6 6. Nc3 Bg7 7. O-O O-O 8. Re1
Qc8 9. e4 d6 10. Bf4 Nh5 11. Bg5 h6 12. Be3 Nf6 13. Qc1 Kh7 14. d5 e5 15. b4
Qd8 16. c5 bxc5 17. bxc5 Na6 18. c6 Bc8 19. h3 Nh5 20. Qd1 Qe8 21. g4 Nf4 22.
Nb5 Nxg2 23. Kxg2 f5 24. Nd2 h5 25. f3 Qe7 26. Nxa7 fxg4 27. Nxc8 gxh3+ 28. Kh2
Raxc8 29. Rg1 Nc5 30. Qf1 Ra8 31. a3 Rab8 32. Ra2 Nb3 33. Rg3 Qf7 34. a4 Bh6
35. Bxh6 Kxh6 36. Nxb3 Rxb3 37. Qxh3 Qf4 38. Qe6 Qf6 39. Qxf6 Rxf6 40. a5 Rf8
41. a6 h4 42. Rh3 g5 43. a7 Ra8 44. Kg2 Kh5 45. Rh1 g4 46. fxg4+ Kxg4 47. Rf1
Rg3+ 48. Kh2 Rh3+ 49. Kg2 Rg3+ 50. Kh2 1/2-1/2

[Event "Int. Stuttgarter Stadtmeisterschaft A"]
[Site "Ditzingen"]
[Date "2019.05.31"]
[Round "4.29"]
[White "Lahouel, Kim-Luca"]
[Black "HÃ¼ttig, Michael"]
[Result "1/2-1/2"]
[WhiteElo "1974"]
[BlackElo "2114"]
[PlyCount "76"]
[EventDate "2019.??.??"]
[WhiteTeam "Heilbronner SV"]
[BlackTeam "SC Erdmannhausen"]

1. e4 e5 2. Nf3 Nc6 3. Bc4 Nf6 4. Ng5 d5 5. exd5 b5 6. Bf1 Nd4 7. c3 Nxd5 8.
cxd4 Qxg5 9. Bxb5+ Kd8 10. O-O e4 11. Qe2 Nf4 12. Qxe4 Nh3+ 13. Kh1 Qxb5 14. d3
Rb8 15. Nc3 Qh5 16. gxh3 Bd6 17. Re1 Rb4 18. Kg1 Bb7 19. Qg4 Qxg4+ 20. hxg4
Rxd4 21. h3 h5 22. Be3 Rxd3 23. g5 h4 24. Rad1 Rxd1 25. Rxd1 Bf3 26. Rd3 Re8
27. Rd4 f6 28. Rxh4 fxg5 29. Bxg5+ Kc8 30. Be3 g5 31. Rc4 Rh8 32. Bxg5 Rxh3 33.
Rh4 Rxh4 34. Bxh4 Be5 35. Kf1 c5 36. Bg3 Bf6 37. Ke1 Kb7 38. Kd2 c4 1/2-1/2

[Event "Int. Stuttgarter Stadtmeisterschaft A"]
[Site "Ditzingen"]
[Date "2019.05.31"]
[Round "4.30"]
[White "Dreyer, Andre"]
[Black "Huber, Benedikt"]
[Result "0-1"]
[WhiteElo "1938"]
[BlackElo "2051"]
[PlyCount "106"]
[EventDate "2019.??.??"]
[WhiteTeam "SV Stockenhausen-Frommern"]
[BlackTeam "SK MÃ¼nchen SÃ¼dost e.V."]

1. d4 Nf6 2. c4 e6 3. Nc3 Bb4 4. Bg5 c5 5. Rc1 cxd4 6. Qxd4 Nc6 7. Bxf6 Qxf6 8.
Qxf6 gxf6 9. Nf3 b6 10. a3 Bd6 11. Nb5 Bb8 12. g3 Bb7 13. Bg2 a6 14. Nc3 Ne5
15. Na4 Nxf3+ 16. Bxf3 Bxf3 17. exf3 Ba7 18. O-O Ke7 19. b3 Rac8 20. Rcd1 b5
21. Nb2 Rc6 22. Rd3 bxc4 23. Nxc4 d5 24. Ne3 Rhc8 25. f4 f5 26. Kg2 Rc3 27.
Rfd1 Bxe3 28. fxe3 Rc2+ 29. Kh3 Ra2 30. b4 Rcc2 31. Rh1 Rab2 32. g4 fxg4+ 33.
Kxg4 Rxh2 34. Rxh2 Rxh2 35. Rc3 Ra2 36. Kh5 Kf6 37. Kg4 Kg6 38. Rd3 h5+ 39. Kg3
Kf5 40. Rc3 f6 41. Kh4 e5 42. fxe5 fxe5 43. Rb3 Ke4 44. Kxh5 d4 45. exd4 exd4
46. b5 axb5 47. Rxb5 Rxa3 48. Kg4 d3 49. Rb8 d2 50. Re8+ Kd3 51. Rd8+ Kc2 52.
Rc8+ Rc3 53. Rxc3+ Kxc3 0-1

[Event "Int. Stuttgarter Stadtmeisterschaft A"]
[Site "Ditzingen"]
[Date "2019.05.31"]
[Round "4.31"]
[White "Pfeifer, Wilfried"]
[Black "Schallner, Marc"]
[Result "0-1"]
[WhiteElo "1935"]
[BlackElo "2045"]
[PlyCount "78"]
[EventDate "2019.??.??"]
[WhiteTeam "TSF Ditzingen"]
[BlackTeam "SF 59 Kornwestheim"]

1. f4 Nf6 2. Nf3 d5 3. e3 c5 4. Be2 Nc6 5. O-O g6 6. d3 Bg7 7. Nc3 Bf5 8. Ne5
d4 9. Nxc6 bxc6 10. Na4 Qa5 11. b3 dxe3 12. Bxe3 Nd5 13. Bd2 Qc7 14. c3 h5 15.
Qe1 Qd6 16. Kh1 Nb6 17. Nb2 O-O 18. Qf2 Rfe8 19. Rac1 e5 20. Be3 exf4 21. Bxf4
Qd7 22. Nc4 Nd5 23. Bd2 Rad8 24. Rfe1 Bf8 25. Bf1 Qc7 26. Red1 Bg4 27. Re1 Bf5
28. Red1 Bd6 29. Nxd6 Qxd6 30. d4 cxd4 31. cxd4 Nf6 32. Bf4 Ne4 33. Qh4 Qd7 34.
Be5 Rxe5 35. dxe5 Qxd1 36. Rxd1 Rxd1 37. Kg1 Nd2 38. Qd8+ Kh7 39. Kf2 Ne4+ 0-1

[Event "Int. Stuttgarter Stadtmeisterschaft A"]
[Site "Ditzingen"]
[Date "2019.05.31"]
[Round "4.32"]
[White "Ludwig, Sebastian"]
[Black "Afonso, Nils"]
[Result "1-0"]
[WhiteElo "2034"]
[BlackElo "1927"]
[Annotator "Ludwig, Sebastian"]
[PlyCount "59"]
[EventDate "2019.??.??"]
[WhiteTeam "SV Stuttgart-Wolfbusch"]
[BlackTeam "SF 59 Kornwestheim"]

1. c4 Nf6 2. g3 g6 3. Bg2 d5 4. cxd5 Nxd5 5. Nc3 Nxc3 6. bxc3 Bg7 7. Rb1 O-O 8.
Rxb7 $2 Bxb7 9. Bxb7 Nd7 10. Bxa8 Qxa8 11. Nf3 Rd8 12. O-O Nc5 13. Ba3 Ne4 14.
Qc2 e6 15. Rb1 Qd5 16. Rb4 (16. c4 Qc6 17. d3 $18) 16... f5 17. d4 $2 (17. d3
Nxc3 18. Rc4 Nb5 19. Bb2 $18) 17... Qc6 18. c4 $2 (18. Qb3 Nxc3 19. Rb8 Nxe2+
20. Kf1 $18) 18... Bxd4 19. Nxd4 Rxd4 20. Rb8+ Kf7 21. e3 $4 Rd2 22. Qb3 Rxf2
$11 (22... Ng5 $3 23. Rf8+ Kg7 24. Qc3+ Kh6 25. Qxd2 Nf3+ $19) 23. Rf8+ Kg7 24.
Rg8+ Kf6 25. Rf8+ Kg5 26. Qd1 Rd2 27. Qf3 Rf2 28. Qd1 Rd2 29. Qf3 Qb7 $4 30.
Qf4+ 1-0

[Event "Int. Stuttgarter Stadtmeisterschaft A"]
[Site "Ditzingen"]
[Date "2019.05.31"]
[Round "4.33"]
[White "Wezel, Sebastian"]
[Black "DÃ¶serich, JÃ¼rgen"]
[Result "1-0"]
[WhiteElo "1919"]
[BlackElo "2005"]
[PlyCount "134"]
[EventDate "2019.??.??"]
[WhiteTeam "SV Dettingen Erms"]
[BlackTeam "Schwarze Pumpe Freiburg"]

1. e4 c5 2. Nf3 e6 3. d4 cxd4 4. Nxd4 Nc6 5. Nc3 Qc7 6. Qd3 Ne5 7. Qg3 a6 8.
Be2 h5 9. h4 Ne7 10. Be3 N7g6 11. a3 Be7 12. f4 Nc6 13. Nxc6 bxc6 14. e5 d5 15.
Bd3 d4 16. Bxd4 Qd8 17. Bf2 Rh6 18. Be4 Qc7 19. Qf3 Bd7 20. g3 Rb8 21. b3 f5
22. Bd3 Qa5 23. Bc4 Nxe5 24. fxe5 Qxe5+ 25. Qe3 Bf6 26. Qxe5 Bxe5 27. Kd2 Bc7
28. Rae1 e5 29. Na4 e4 30. Nc5 Bc8 31. Nxa6 Bxa6 32. Bxa6 Ra8 33. Bc4 Rxa3 34.
Ra1 Rxa1 35. Rxa1 g5 36. Ra8+ Kd7 37. Be3 Rd6+ 38. Ke2 f4 39. gxf4 gxh4 40. Rh8
Rg6 41. Rh7+ Kd8 42. Kf2 h3 43. Bf1 h2 44. Rxh5 Rg4 45. Rxh2 Bxf4 46. Bxf4
Rxf4+ 47. Ke2 Ke7 48. Rf2 Rh4 49. Ke3 Kd6 50. Rf4 Rh2 51. Be2 Kd5 52. c4+ Kc5
53. Rxe4 Rh3+ 54. Bf3 Kb4 55. Re6 c5 56. Rb6+ Kc3 57. Rb5 Rh2 58. Rxc5 Kxb3 59.
Rc8 Kb4 60. c5 Rc2 61. c6 Kb5 62. Kd4 Rd2+ 63. Ke5 Kb6 64. Bd5 Rd1 65. Kd6 Rd2
66. Rb8+ Ka7 67. c7 Rd1 1-0

[Event "Int. Stuttgarter Stadtmeisterschaft A"]
[Site "Ditzingen"]
[Date "2019.05.31"]
[Round "4.34"]
[White "Kobald, Jacqueline"]
[Black "Hefner, Felix"]
[Result "0-1"]
[WhiteElo "1839"]
[BlackElo "2004"]
[PlyCount "100"]
[EventDate "2019.??.??"]
[WhiteTeam "SV Stuttgart-Wolfbusch 1956 e.V."]
[BlackTeam "BG Buchen"]

1. e4 c5 2. Nf3 d6 3. d4 cxd4 4. Nxd4 Nf6 5. Nc3 a6 6. g3 e5 7. Nde2 Be7 8. Bg2
O-O 9. h3 b5 10. Be3 Bb7 11. g4 Nc6 12. Ng3 g6 13. O-O Na5 14. Bg5 Nc4 15. Bxf6
Bxf6 16. Rb1 Rc8 17. Qd3 Rc6 18. Nd5 Bg5 19. Rfd1 Kg7 20. c3 a5 21. Nf1 Ba6 22.
Qf3 Qb8 23. Nfe3 Nxe3 24. Nxe3 Bxe3 25. Qxe3 b4 26. cxb4 axb4 27. Rbc1 Rfc8 28.
h4 Bc4 29. b3 Be6 30. Bf3 Rc2 31. Rxc2 Rxc2 32. Rd2 Rc3 33. Rd3 Rc2 34. Rd2
Rc1+ 35. Kg2 Rc6 36. h5 f6 37. hxg6 hxg6 38. g5 Qh8 39. gxf6+ Kxf6 40. Be2 Qh4
41. Qg3 Qh6 42. Rd1 Rc2 43. Rxd6 Ke7 44. Qxe5 Qh3+ 45. Kg1 Rxe2 46. Rd1 Qg4+
47. Kf1 Rxe4 48. Qc7+ Bd7 49. Qd6+ Ke8 50. Qb8+ Kf7 0-1

[Event "Int. Stuttgarter Stadtmeisterschaft A"]
[Site "Ditzingen"]
[Date "2019.05.31"]
[Round "4.35"]
[White "Giemsa, Alexander"]
[Black "Zeiler, Klaus"]
[Result "1/2-1/2"]
[WhiteElo "1890"]
[BlackElo "2004"]
[PlyCount "110"]
[EventDate "2019.??.??"]
[WhiteTeam "SC Magstadt"]
[BlackTeam "Stuttgarter SF 1879"]

1. e4 e6 2. d4 d5 3. Nc3 Nf6 4. Bg5 dxe4 5. Nxe4 Be7 6. Bxf6 gxf6 7. Nf3 b6 8.
Bb5+ c6 9. Bc4 Bb7 10. c3 Qc7 11. Qd3 Nd7 12. O-O-O O-O-O 13. Ba6 Rhg8 14.
Bxb7+ Kxb7 15. g3 h5 16. Ned2 f5 17. Nc4 Bf6 18. Qe2 h4 19. Nfe5 Nf8 20. Rhg1
hxg3 21. fxg3 b5 22. Nd2 Bxe5 23. dxe5 Nd7 24. Nf3 Nb6 25. Rxd8 Rxd8 26. Rd1
Rg8 27. b3 Rg4 28. Rd4 Nd5 29. c4 Nc3 30. Qd2 Rxd4 31. Nxd4 Ne4 32. Qb4 a6 33.
Nf3 Qd7 34. Nd2 Nf2 35. Qc3 Kc8 36. cxb5 axb5 37. a4 bxa4 38. bxa4 Qd5 39. Nf3
Qd1+ 40. Kb2 Qxa4 41. Kc1 Ne4 42. Qd3 c5 43. Nd2 Qa1+ 44. Nb1 Qa4 45. Nd2 Qa1+
46. Nb1 Qa2 47. Nc3 Qb3 48. Qa6+ Kb8 49. Nxe4 fxe4 50. Qd6+ Kb7 51. Qxc5 e3 52.
Qe7+ Ka6 53. Qd6+ Kb7 54. Qd7+ Ka6 55. Qc6+ Ka7 1/2-1/2

[Event "Int. Stuttgarter Stadtmeisterschaft A"]
[Site "Ditzingen"]
[Date "2019.05.31"]
[Round "4.36"]
[White "Jakob, Georg"]
[Black "Christ, Marcel"]
[Result "1/2-1/2"]
[WhiteElo "2002"]
[BlackElo "1836"]
[PlyCount "77"]
[EventDate "2019.??.??"]
[WhiteTeam "SG KÃ¶nigskinder HohentÃ¼bingen e."]
[BlackTeam "SC Ingersheim e.V."]

1. e4 c5 2. Nf3 d6 3. d4 cxd4 4. Nxd4 Nf6 5. Nc3 g6 6. Be3 Bg7 7. f3 O-O 8. Qd2
Nc6 9. g4 h5 10. gxh5 Nxh5 11. O-O-O Nxd4 12. Bxd4 Bxd4 13. Qxd4 Be6 14. Nd5
Bxd5 15. exd5 Qd7 16. Bd3 e5 17. dxe6 Qxe6 18. Bc4 Qf5 19. Rhg1 Kh7 20. Kb1 b5
21. Bd3 Qe5 22. Qh4 f5 23. Rxg6 Kxg6 24. Rg1+ Ng3 25. Rxg3+ Kf7 26. Qh7+ Ke6
27. a3 Rf7 28. Rg6+ Ke7 29. Qh4+ Kd7 30. Qb4 a6 31. a4 Rb8 32. axb5 axb5 33.
Qa5 Qd5 34. Qa7+ Rb7 35. Bxf5+ Rxf5 36. Rg7+ Kc8 37. Qa8+ Rb8 38. Qa6+ Rb7 39.
Qa8+ 1/2-1/2

[Event "Int. Stuttgarter Stadtmeisterschaft A"]
[Site "Ditzingen"]
[Date "2019.05.31"]
[Round "4.37"]
[White "SchÃ¶nhof, Timo"]
[Black "Pudmensky, Stefan"]
[Result "1/2-1/2"]
[WhiteElo "1991"]
[BlackElo "1819"]
[PlyCount "65"]
[EventDate "2019.??.??"]
[WhiteTeam "SK Engen"]
[BlackTeam "SK Lauffen"]

1. e4 c5 2. Nc3 Nc6 3. g3 e5 4. Bg2 Nf6 5. d3 Be7 6. Nge2 d6 7. h3 Be6 8. Nd5
Bxd5 9. exd5 Nb8 10. O-O O-O 11. b3 Nbd7 12. a4 b6 13. c4 a5 14. Bb2 Ne8 15.
Kh2 Bf6 16. Qd2 g6 17. Rae1 Bg7 18. f4 exf4 19. Nxf4 Bxb2 20. Qxb2 Ne5 21. d4
cxd4 22. Qxd4 Ng7 23. Nd3 Nxd3 24. Qxd3 Re8 25. Qd4 Rxe1 26. Rxe1 Ra7 27. Qe3
Kf8 28. Qh6 Kg8 29. Qe3 Kf8 30. Qh6 Kg8 31. Qe3 Kf8 32. Qd4 Kg8 33. Qe3 1/2-1/2

[Event "Int. Stuttgarter Stadtmeisterschaft A"]
[Site "Ditzingen"]
[Date "2019.05.31"]
[Round "4.38"]
[White "Ohler, Julius"]
[Black "Lehmann, Stefan"]
[Result "1/2-1/2"]
[WhiteElo "1837"]
[BlackElo "1990"]
[PlyCount "59"]
[EventDate "2019.??.??"]
[WhiteTeam "SG Trier"]
[BlackTeam "Ssg Fils-Lauter"]

1. c4 e5 2. e4 Bc5 3. g3 Nc6 4. Bg2 Nge7 5. Ne2 d6 6. O-O O-O 7. Nbc3 a6 8. d3
f5 9. Nd5 h6 10. Be3 fxe4 11. dxe4 Bg4 12. Bxc5 dxc5 13. f3 Bh5 14. Qd3 Nd4 15.
Nxd4 cxd4 16. f4 c6 17. Nxe7+ Qxe7 18. fxe5 Qxe5 19. Rae1 c5 20. a3 a5 21.
Rxf8+ Rxf8 22. Rf1 Rxf1+ 23. Kxf1 Qg5 24. b4 axb4 25. axb4 Qc1+ 26. Kf2 Qb2+
27. Kf1 cxb4 28. e5 Qc3 29. Bd5+ Kh8 30. Qf5 $18 1/2-1/2

[Event "Int. Stuttgarter Stadtmeisterschaft A"]
[Site "Ditzingen"]
[Date "2019.05.31"]
[Round "4.39"]
[White "Hoeschele, Hans-Ulrich"]
[Black "Giebler, Kai"]
[Result "1/2-1/2"]
[WhiteElo "1983"]
[BlackElo "1730"]
[PlyCount "45"]
[EventDate "2019.??.??"]
[WhiteTeam "Stuttgarter SF 1879"]
[BlackTeam "TSF Ditzingen"]

1. d4 d5 2. Nf3 Nf6 3. g3 e6 4. Bg2 Be7 5. O-O O-O 6. Nbd2 b6 7. c4 Bb7 8. b3
c5 9. Bb2 Nbd7 10. e3 Rc8 11. Ne5 Qc7 12. Nxd7 Qxd7 13. dxc5 bxc5 14. Qe2 Rfd8
15. Rfd1 Qc7 16. cxd5 exd5 17. Bh3 Ra8 18. Bf5 Bc8 19. Bd3 Be6 20. Rac1 Qb6 21.
Bb1 Rac8 22. Kg2 h6 23. e4 1/2-1/2